000 00643nam a2200241Ia 4500
003 OSt
005 20220926015243.0
006 a|||||r|||| 00| 0
007 ta
008 220923b |||||||| |||| 00| 0 eng d
037 _cGeneral Book
040 _aRTL
_cRTL
_beng
041 _2eng
_aeng
082 _aY48, K4
100 _aHollander E P
_9321796
245 0 _aLeaders, groups and influence
260 _aNew York
_bOxford University Press
_c1964
300 _axiv, 256p
_ccm.
500 _aBibliography: P 239-48
650 _aElites
942 _hY48, K4
_cGB
_2CC
999 _c630886
_d630886